| 000 | 00506nam a2200169Ia 4500 | ||
|---|---|---|---|
| 008 | 151213s9999 xx 000 0 und d | ||
| 020 | _a978-0-19-5611670 | ||
| 100 | _aJ. M. Synge Ed. Ly R.K. Kanl | ||
| 245 |
_aRiders to The Sea The Playboy of The Western World. _cJ. M. Synge Ed. Ly R.K. Kanl |
||
| 250 | _a1st | ||
| 260 |
_aIndia _bOxford University Press _c1979 |
||
| 300 | _a4870 p. | ||
| 650 | _aEnglish | ||
| 650 | _aEnglish Literature | ||
| 700 | _aJ. M. Synge Ed. Ly R.K. Kanl | ||
| 999 |
_c3062 _d3062 |
||